000 00574nam a2200205 a 4500
001 BRCA_2630
005 20190320203910.0
008 011208s1904----enka---###---#000-0#eng-u
050 4 _aNE1815
_b.D38 1904
100 1 _aDavenport, Cyril James Humphries
_97489
245 1 0 _aMezzotints
_cby Cyril Davenport.
260 _aLondon
_bMethuen
_c1904
300 _axiv, 207 p.
_bil.
_c26 cm.
440 0 _aThe connoisseur´s library
_97490
500 _aA79
650 1 4 _aGrabado al acuatinta
_97491
650 1 4 _aGrabadores al acuatinta
_97492
902 _aGFM
942 _2lcc
_cB
999 _c2370
_d2370